E03_【昭和戦後の男性】生まれ年別名前TOP10 - Statistics

General Stats
  • This quiz has been taken 7 times
  • The average score is 257 of 430
Answer Stats
西暦 和暦 順位 名前 % Correct
1946 昭和21 8
100%
1947 昭和22 9
100%
1961 昭和36 5
100%
1962 昭和37 8
100%
1965 昭和40 8
100%
1966 昭和41 7
100%
1967 昭和42 5
100%
1968 昭和43 3
100%
1969 昭和44 4
100%
1969 昭和44 8
100%
1970 昭和45 4
100%
1971 昭和46 3
100%
1972 昭和47 3
100%
1973 昭和48 2
100%
1974 昭和49 3
100%
1975 昭和50 4
100%
1975 昭和50 10
100%
1976 昭和51 4
100%
1976 昭和51 10
100%
1977 昭和52 4
100%
1977 昭和52 8
100%
1978 昭和53 4
100%
1978 昭和53 5
100%
1978 昭和53 8
100%
1979 昭和54 4
100%
1979 昭和54 5
100%
1979 昭和54 9
100%
1980 昭和55 5
100%
1980 昭和55 8
100%
1981 昭和56 7
100%
1981 昭和56 8
100%
1982 昭和57 6
100%
1982 昭和57 7
100%
1985 昭和60 7
100%
1986 昭和61 8
100%
1987 昭和62 10
100%
1988 昭和63 7
100%
1946 昭和21 4
86%
1946 昭和21 5
86%
1946 昭和21 9
86%
1947 昭和22 3
86%
1947 昭和22 5
86%
1947 昭和22 6
86%
1948 昭和23 1
86%
1948 昭和23 7
86%
1948 昭和23 9
86%
1949 昭和24 1
86%
1949 昭和24 6
86%
1949 昭和24 8
86%
1949 昭和24 10
86%
1950 昭和25 1
86%
1950 昭和25 3
86%
1950 昭和25 8
86%
1950 昭和25 10
86%
1951 昭和26 2
86%
1951 昭和26 3
86%
1951 昭和26 4
86%
1951 昭和26 7
86%
1952 昭和27 2
86%
1952 昭和27 3
86%
1952 昭和27 4
86%
1952 昭和27 8
86%
1953 昭和28 2
86%
1953 昭和28 3
86%
1953 昭和28 4
86%
1953 昭和28 6
86%
1954 昭和29 2
86%
1954 昭和29 3
86%
1954 昭和29 4
86%
1954 昭和29 5
86%
1954 昭和29 9
86%
1955 昭和30 1
86%
1955 昭和30 2
86%
1955 昭和30 4
86%
1955 昭和30 6
86%
1956 昭和31 1
86%
1956 昭和31 2
86%
1956 昭和31 3
86%
1956 昭和31 7
86%
1957 昭和32 1
86%
1957 昭和32 2
86%
1957 昭和32 4
86%
1957 昭和32 5
86%
1957 昭和32 6
86%
1958 昭和33 1
86%
1958 昭和33 2
86%
1958 昭和33 3
86%
1958 昭和33 4
86%
1958 昭和33 6
86%
1959 昭和34 1
86%
1959 昭和34 2
86%
1959 昭和34 3
86%
1959 昭和34 8
86%
1959 昭和34 10
86%
1960 昭和35 1
86%
1960 昭和35 3
86%
1960 昭和35 5
86%
1960 昭和35 6
86%
1960 昭和35 9
86%
1960 昭和35 10
86%
1961 昭和36 1
86%
1961 昭和36 2
86%
1961 昭和36 6
86%
1961 昭和36 8
86%
1961 昭和36 10
86%
1962 昭和37 1
86%
1962 昭和37 2
86%
1962 昭和37 6
86%
1962 昭和37 9
86%
1963 昭和38 1
86%
1963 昭和38 2
86%
1963 昭和38 4
86%
1963 昭和38 5
86%
1964 昭和39 1
86%
1964 昭和39 2
86%
1964 昭和39 3
86%
1964 昭和39 4
86%
1965 昭和40 1
86%
1965 昭和40 2
86%
1965 昭和40 3
86%
1965 昭和40 10
86%
1966 昭和41 1
86%
1966 昭和41 2
86%
1967 昭和42 1
86%
1967 昭和42 4
86%
1967 昭和42 8
86%
1967 昭和42 10
86%
1968 昭和43 2
86%
1968 昭和43 6
86%
1968 昭和43 7
86%
1969 昭和44 1
86%
1969 昭和44 9
86%
1970 昭和45 2
86%
1970 昭和45 5
86%
1970 昭和45 10
86%
1971 昭和46 1
86%
1972 昭和47 1
86%
1973 昭和48 1
86%
1974 昭和49 1
86%
1974 昭和49 9
86%
1975 昭和50 1
86%
1976 昭和51 1
86%
1977 昭和52 1
86%
1978 昭和53 1
86%
1978 昭和53 7
86%
1979 昭和54 2
86%
1980 昭和55 2
86%
1980 昭和55 10
86%
1981 昭和56 5
86%
1982 昭和57 2
86%
1983 昭和58 4
86%
1984 昭和59 3
86%
1984 昭和59 10
86%
1946 昭和21 10
71%
1947 昭和22 10
71%
1948 昭和23 6
71%
1949 昭和24 7
71%
1950 昭和25 7
71%
1951 昭和26 10
71%
1952 昭和27 7
71%
1953 昭和28 10
71%
1956 昭和31 8
71%
1956 昭和31 9
71%
1957 昭和32 7
71%
1957 昭和32 8
71%
1958 昭和33 8
71%
1958 昭和33 9
71%
1958 昭和33 10
71%
1959 昭和34 4
71%
1959 昭和34 7
71%
1960 昭和35 7
71%
1961 昭和36 4
71%
1962 昭和37 4
71%
1963 昭和38 9
71%
1968 昭和43 9
71%
1969 昭和44 7
71%
1970 昭和45 8 博之
71%
1972 昭和47 8
71%
1973 昭和48 10 大輔
71%
1974 昭和49 2 大輔
71%
1975 昭和50 2 大輔
71%
1976 昭和51 2 大輔
71%
1977 昭和52 2 大輔
71%
1978 昭和53 2 大輔
71%
1979 昭和54 1 大輔
71%
1980 昭和55 1 大輔
71%
1981 昭和56 1 大輔
71%
1982 昭和57 1 大輔
71%
1982 昭和57 10
71%
1983 昭和58 1 大輔
71%
1983 昭和58 6
71%
1983 昭和58 8
71%
1984 昭和59 1 大輔
71%
1984 昭和59 7
71%
1985 昭和60 1 大輔
71%
1985 昭和60 8
71%
1985 昭和60 10
71%
1986 昭和61 1 大輔
71%
1986 昭和61 6
71%
1987 昭和62 4 大輔
71%
1987 昭和62 7
71%
1988 昭和63 4 大輔
71%
1988 昭和63 9
71%
1946 昭和21 2 和夫
57%
1946 昭和21 3
57%
1947 昭和22 1
57%
1947 昭和22 7
57%
1947 昭和22 8 和夫
57%
1948 昭和23 3
57%
1948 昭和23 4
57%
1948 昭和23 10 和夫
57%
1949 昭和24 2
57%
1949 昭和24 3
57%
1950 昭和25 2
57%
1950 昭和25 5
57%
1951 昭和26 1
57%
1951 昭和26 5 和夫
57%
1951 昭和26 8
57%
1952 昭和27 1
57%
1952 昭和27 9
57%
1953 昭和28 1
57%
1953 昭和28 8
57%
1954 昭和29 1
57%
1954 昭和29 8
57%
1955 昭和30 3
57%
1955 昭和30 9
57%
1956 昭和31 5
57%
1957 昭和32 3
57%
1958 昭和33 5
57%
1959 昭和34 5
57%
1960 昭和35 2 浩一
57%
1960 昭和35 4 浩二
57%
1960 昭和35 8 浩之
57%
1961 昭和36 3 浩一
57%
1961 昭和36 9 浩二
57%
1962 昭和37 5 浩一
57%
1963 昭和38 6 浩一
57%
1964 昭和39 9 浩一
57%
1966 昭和41 9 浩二
57%
1968 昭和43 5 浩二
57%
1968 昭和43 10
57%
1969 昭和44 5 浩二
57%
1971 昭和46 8 浩二
57%
1971 昭和46 10
57%
1972 昭和47 10
57%
1973 昭和48 8
57%
1974 昭和49 5
57%
1974 昭和49 10 大介
57%
1975 昭和50 5 大介
57%
1975 昭和50 8
57%
1976 昭和51 5
57%
1976 昭和51 6 大介
57%
1977 昭和52 5 大介
57%
1978 昭和53 6 大介
57%
1979 昭和54 6 大介
57%
1980 昭和55 7 大介
57%
1981 昭和56 2 大介
57%
1981 昭和56 10
57%
1982 昭和57 4 大介
57%
1983 昭和58 5 拓也
57%
1983 昭和58 9 大介
57%
1984 昭和59 5 拓也
57%
1985 昭和60 2 拓也
57%
1986 昭和61 4 拓也
57%
1986 昭和61 7 翔太
57%
1987 昭和62 2 拓也
57%
1987 昭和62 3 翔太
57%
1988 昭和63 1 翔太
57%
1988 昭和63 3 拓也
57%
1946 昭和21 6
43%
1946 昭和21 7
43%
1947 昭和22 4
43%
1948 昭和23 2
43%
1948 昭和23 8
43%
1949 昭和24 4
43%
1949 昭和24 9
43%
1950 昭和25 6
43%
1950 昭和25 9
43%
1951 昭和26 6
43%
1952 昭和27 6
43%
1953 昭和28 7
43%
1954 昭和29 6
43%
1954 昭和29 10
43%
1955 昭和30 5
43%
1955 昭和30 8
43%
1956 昭和31 4
43%
1956 昭和31 10
43%
1957 昭和32 10
43%
1958 昭和33 7
43%
1959 昭和34 6
43%
1959 昭和34 9
43%
1962 昭和37 3
43%
1963 昭和38 3
43%
1964 昭和39 6
43%
1965 昭和40 7
43%
1970 昭和45 9 英樹
43%
1971 昭和46 6 英樹
43%
1971 昭和46 9
43%
1972 昭和47 9 英樹
43%
1973 昭和48 9 英樹
43%
1975 昭和50 9
43%
1981 昭和56 3 健太
43%
1982 昭和57 3 健太
43%
1982 昭和57 8 和也
43%
1983 昭和58 2 健太
43%
1983 昭和58 7 和也
43%
1984 昭和59 2 健太
43%
1984 昭和59 6 祐介
43%
1984 昭和59 9 和也
43%
1985 昭和60 4 健太
43%
1985 昭和60 5 和也
43%
1986 昭和61 3 健太
43%
1986 昭和61 5 和也
43%
1987 昭和62 5 健太
43%
1987 昭和62 6 和也
43%
1987 昭和62 9 大樹
43%
1988 昭和63 5 健太
43%
1988 昭和63 6 和也
43%
1988 昭和63 10 大樹
43%
1946 昭和21 1
29%
1947 昭和22 2
29%
1948 昭和23 5
29%
1949 昭和24 5
29%
1950 昭和25 4
29%
1951 昭和26 9
29%
1952 昭和27 5
29%
1952 昭和27 10
29%
1953 昭和28 5
29%
1953 昭和28 9
29%
1954 昭和29 7
29%
1955 昭和30 7
29%
1955 昭和30 10
29%
1956 昭和31 6
29%
1957 昭和32 9
29%
1962 昭和37 10 秀樹
29%
1963 昭和38 10 直樹
29%
1964 昭和39 5 達也
29%
1964 昭和39 8 直樹
29%
1964 昭和39 10
29%
1965 昭和40 4 直樹
29%
1966 昭和41 5 健一
29%
1966 昭和41 8 直樹
29%
1966 昭和41 10 秀樹
29%
1967 昭和42 2 健一
29%
1967 昭和42 9 直樹
29%
1968 昭和43 1 健一
29%
1969 昭和44 2 健一
29%
1969 昭和44 6 直樹
29%
1970 昭和45 1 健一
29%
1970 昭和45 6 直樹
29%
1971 昭和46 4 直樹
29%
1971 昭和46 5 健一
29%
1972 昭和47 4 健一
29%
1972 昭和47 6 直樹
29%
1972 昭和47 7 秀樹
29%
1973 昭和48 4 直樹
29%
1973 昭和48 5 健一
29%
1973 昭和48 6 秀樹
29%
1974 昭和49 4 健一
29%
1974 昭和49 7 直樹
29%
1975 昭和50 6 直樹
29%
1975 昭和50 7 健一
29%
1976 昭和51 3 直樹
29%
1976 昭和51 9 健一
29%
1977 昭和52 7 健一
29%
1977 昭和52 9 直樹
29%
1978 昭和53 3 直樹
29%
1978 昭和53 9 健一
29%
1979 昭和54 3 直樹
29%
1979 昭和54 8 健一
29%
1980 昭和55 3 直樹
29%
1980 昭和55 9 健一
29%
1981 昭和56 4 直樹
29%
1982 昭和57 5 直樹
29%
1983 昭和58 3 直樹
29%
1983 昭和58 10 達也
29%
1984 昭和59 4 直樹
29%
1984 昭和59 8 雄太
29%
1985 昭和60 3 直樹
29%
1985 昭和60 6 達也
29%
1986 昭和61 2 達也
29%
1986 昭和61 9 雄太
29%
1986 昭和61 10 直樹
29%
1987 昭和62 1 達也
29%
1987 昭和62 8 直樹
29%
1988 昭和63 2 達也
29%
1961 昭和36 7 和彦
14%
1962 昭和37 7 和彦
14%
1963 昭和38 7 和彦
14%
1963 昭和38 8 哲也
14%
1964 昭和39 7 和彦
14%
1965 昭和40 5 哲也
14%
1965 昭和40 6 和彦
14%
1965 昭和40 9
14%
1966 昭和41 3 和彦
14%
1966 昭和41 4 哲也
14%
1966 昭和41 6
14%
1967 昭和42 3 哲也
14%
1967 昭和42 6
14%
1967 昭和42 7 和彦
14%
1968 昭和43 4 哲也
14%
1968 昭和43 8
14%
1969 昭和44 3 哲也
14%
1969 昭和44 10 和彦
14%
1970 昭和45 3 哲也
14%
1970 昭和45 7
14%
1971 昭和46 2 哲也
14%
1971 昭和46 7
14%
1972 昭和47 2 哲也
14%
1972 昭和47 5
14%
1973 昭和48 3 哲也
14%
1973 昭和48 7
14%
1974 昭和49 6 哲也
14%
1974 昭和49 8
14%
1975 昭和50 3
14%
1976 昭和51 7 竜也
14%
1976 昭和51 8
14%
1977 昭和52 3 健太郎
14%
1977 昭和52 6
14%
1977 昭和52 10 洋平
14%
1978 昭和53 10
14%
1979 昭和54 7
14%
1979 昭和54 10 哲也
14%
1980 昭和55 4 哲也
14%
1980 昭和55 6
14%
1981 昭和56 6 哲也
14%
1981 昭和56 9 健太郎
14%
1982 昭和57 9 健太郎
14%
1985 昭和60 9 洋平
14%
1988 昭和63 8 竜也
14%
No matching quizzes found
Score Distribution
Percent of People with Each Score
Percentile by Number Answered
Your Score History
You have not taken this quiz